01265 a2200205 45000010006000000050017000060080041000230030015000640400040000790800083001192450056002020200018002582640034002763000019003105050652003290410008009811000017009897000020010067000033010263330120260407155626.0260407a1988 arg spa dAR-UNSa-BCEJYS aAR-UNSa-BCEJYSbspacAR-UNSa-BCEJYS a658.15xAdministración financiera privada. Gestión financiera de empresas 10aTeoría y problemas de administración financiera a968-422-048-0 1aMéxico :bMcGraw-Hillc1988 a464 p.c27 cm. a1. Introducción - 2. El análisis financiero - 3. Prónostico financiero, planeación y presupuesto - 4. Administración del capital de trabajo - 5. Financiación a corto plazo - 6. Valor del dinero en el tiempo - 7. Riesgo, utilidad y valor - 8. Presupuesto de capital (incluye arrendamiento) - 9. Presupuesto de capital bajo riesgo - 10. Costo de capital - 11. Apalancamiento y estructura de capital - 12. Política de dividendos - 13. Préstamos a termino y arrendamiento - 14. Deuda a largo plazo - 15. Acciones preferenciales y comunes - 16. Garantías y conversiones - 17. Fusiones y adquisiciones - 18. Quiebra y reorganización aspa1 aShim, Jae K.1 aSiegel, Joel G.1 aCastell de Dueñas, Beatriz